000 00417nam a22001457a 4500
008 250702b |||||||| |||| 00| 0 eng d
020 _a9789789065326
050 _aBV772
_b.V36
100 _aUti Vandi Luka
245 _aA guide to christian understanding of stewardship
260 _aPlateau
_bAfrica christain textbooks
_c2024
300 _avi,25p.
650 _achristain-stewardship
_vchristain-life
942 _cBK
999 _c4060
_d4060